[Event "WC-2011-F-00001"]
[Site "LSS email"]
[Date "2011.11.23"]
[Round "?"]
[White "Daus, Peter"]
[Black "Martys, Mark"]
[Result "1-0"]
[WhiteElo "2430"]
[BlackElo "2216"]
[PlyCount "73"]
[EventDate "2011.12.01"]
[EventType "tourn (corr)"]
[EventRounds "14"]
[EventCountry "GER"]
[SourceTitle "Telechess CBM 163"]
[Source "ChessBase"]
[SourceDate "2014.11.11"]
[SourceVersion "2"]
[SourceVersionDate "2014.11.11"]
[SourceQuality "1"]

1. d4 Nf6 2. c4 e6 3. Nc3 Bb4 4. f3 d5 5. a3 Bxc3+ 6. bxc3 0-0 7. cxd5 exd5 8. e3 Nh5 9. Qc2 Re8 10. g4 Nf4 11. h4 c5 12. Kf2 Ne6 13. Bd3 Nf8 14. Ne2 c4 15. Bf5 Bxf5 16. gxf5 Nfd7 17. e4 dxe4 18. fxe4 Nc6 19. Bg5 Qc7 20. f6 gxf6 21. Bf4 Qb6 22. Rab1 Qa6 23. Rhg1+ Kh8 24. Bh6 Rg8 25. Qb2 b6 26. Qb5 Qxb5 27. Rxg8+ Rxg8 28. Rxb5 Ne7 29. Ng3 a6 30. Rb4 Nc6 31. Rb1 Ne7 32. a4 Rb8 33. Nf5 Nxf5 34. exf5 Rg8 35. Re1 b5 36. a5 Rd8 37. Re3 1-0

[Event "WC-2011-F-00001"]
[Site "LSS email"]
[Date "2011.11.23"]
[Round "?"]
[White "Martys, Mark"]
[Black "Laghetti, Gaetano"]
[Result "0-1"]
[WhiteElo "2216"]
[BlackElo "2402"]
[PlyCount "55"]
[EventDate "2011.12.01"]
[EventType "tourn (corr)"]
[EventRounds "14"]
[EventCountry "GER"]
[SourceTitle "Telechess CBM 163"]
[Source "ChessBase"]
[SourceDate "2014.11.11"]
[SourceVersion "2"]
[SourceVersionDate "2014.11.11"]
[SourceQuality "1"]

1. d4 Nf6 2. c4 g6 3. Nc3 d5 4. cxd5 Nxd5 5. e4 Nxc3 6. bxc3 Bg7 7. Nf3 c5 8. Rb1 0-0 9. Be2 cxd4 10. cxd4 Qa5+ 11. Qd2 Qxd2+ 12. Bxd2 b6 13. 0-0 Bb7 14. d5 Ba6 15. Bxa6 Nxa6 16. Be3 f5 17. e5 f4 18. Bc1 Rfd8 19. Rd1 Nc7 20. d6 Ne6 21. Ba3 exd6 22. exd6 Rac8 23. Re1 Nc5 24. Re7 Rxd6 25. Rxa7 Rdd8 26. h3 Ra8 27. Rxa8 Rxa8 28. Bc1 0-1

[Event "WC-2014-S-00014"]
[Site "LSS email"]
[Date "2011.07.16"]
[Round "?"]
[White "Martys, Mark"]
[Black "Bendig, Frank"]
[Result "1/2-1/2"]
[WhiteElo "2216"]
[BlackElo "2123"]
[PlyCount "60"]
[EventDate "2011.07.22"]
[EventType "tourn (corr)"]
[EventRounds "6"]
[EventCountry "GER"]
[SourceTitle "Telechess CBM 161"]
[Source "ChessBase"]
[SourceDate "2014.07.16"]
[SourceVersion "1"]
[SourceVersionDate "2014.07.16"]
[SourceQuality "1"]

1. d4 Nc6 2. d5 Ne5 3. Nc3 Nf6 4. e4 e6 5. f4 Ng6 6. dxe6 dxe6 7. Qxd8+ Kxd8 8. Bd3 Bb4 9. Nge2 Bd7 10. e5 Nd5 11. a3 Ba5 12. b4 Bb6 13. Nd1 a5 14. b5 Nh4 15. Kf1 Rf8 16. g3 Nf5 17. Bxf5 exf5 18. c4 Ne7 19. Be3 f6 20. Bxb6 cxb6 21. exf6 Rxf6 22. Kf2 Be8 23. Ne3 Bh5 24. Rhe1 Rd6 25. Rad1 Rxd1 26. Nxd1 Rc8 27. Ne3 Bxe2 28. Kxe2 Kc7 29. Rd1 Rf8 30. Kd3 Re8 1/2-1/2

[Event "WC-2014-S-00014"]
[Site "LSS email"]
[Date "2011.07.16"]
[Round "?"]
[White "Martys, Mark"]
[Black "Schubert, Volker"]
[Result "0-1"]
[WhiteElo "2216"]
[BlackElo "1846"]
[PlyCount "80"]
[EventDate "2011.07.22"]
[EventType "tourn (corr)"]
[EventRounds "6"]
[EventCountry "GER"]
[SourceTitle "Telechess CBM 161"]
[Source "ChessBase"]
[SourceDate "2014.07.16"]
[SourceVersion "1"]
[SourceVersionDate "2014.07.16"]
[SourceQuality "1"]

1. d4 d5 2. c4 c6 3. Nc3 Nf6 4. e3 e6 5. Bd3 dxc4 6. Bxc4 b5 7. Bb3 Nbd7 8. a3 c5 9. Nxb5 Ba6 10. Nc3 Bd6 11. Bc2 0-0 12. Nge2 Rc8 13. 0-0 Qb6 14. Bd3 Rfd8 15. Rb1 Bb7 16. f3 Bb8 17. Kh1 Qd6 18. g3 a6 19. b4 cxd4 20. exd4 e5 21. Bb2 Qe7 22. Bf5 Rc7 23. Qe1 exd4 24. Nxd4 Ne5 25. Na4 Ba7 26. Nc5 Bxc5 27. bxc5 Rxc5 28. Ba1 Qc7 29. Bh3 Re8 30. Qf2 Ne4 31. Qb2 Nd6 32. Rfe1 Ba8 33. Bg2 Qc8 34. a4 Rc7 35. Rbd1 Ndc4 36. Qb1 g6 37. Qb3 Bb7 38. Re2 Qa8 39. Rde1 Rce7 40. h3 Bd5 0-1

[Event "LSS WC-2013-S-00007"]
[Site "LSS email"]
[Date "2010.07.20"]
[Round "?"]
[White "Buzas, Gyula"]
[Black "Martys, Mark"]
[Result "1/2-1/2"]
[WhiteElo "2196"]
[BlackElo "2278"]
[PlyCount "89"]
[EventDate "2010.07.25"]
[EventType "tourn (corr)"]
[EventRounds "10"]
[EventCountry "GER"]
[SourceTitle "Telechess CBM 147"]
[Source "ChessBase"]
[SourceDate "2012.03.16"]
[SourceVersion "1"]
[SourceVersionDate "2012.03.16"]
[SourceQuality "1"]

1. d4 Nf6 2. c4 e6 3. Nf3 d5 4. Nc3 Be7 5. Bg5 h6 6. Bxf6 Bxf6 7. e3 0-0 8. Rc1 a6 9. cxd5 exd5 10. Qb3 c6 11. Bd3 Nd7 12. 0-0 Nb6 13. h3 Be7 14. Ne5 Bd6 15. Ne2 Qc7 16. f4 Re8 17. Ng3 Be6 18. Nh5 Nc4 19. Nxc4 dxc4 20. Bxc4 Bxc4 21. Rxc4 Rad8 22. Ng3 Bf8 23. Rf3 Rd7 24. Kh2 Re6 25. a3 Re8 26. Qc3 Rc8 27. Qc2 Qd8 28. Ne4 Bd6 29. Rg3 Be7 30. f5 Kh8 31. Rg4 Rd5 32. Qf2 f6 33. Kg1 b5 34. Rc1 c5 35. Qc2 a5 36. b4 axb4 37. axb4 c4 38. Nc5 Bxc5 39. bxc5 Qd7 40. Rf4 Qc6 41. Qe4 Re8 42. Qf3 Kh7 43. Rc2 Qd7 44. Rc3 Qc6 45. Rc1 1/2-1/2

[Event "LSS WC-2013-S-00007"]
[Site "LSS email"]
[Date "2010.07.20"]
[Round "?"]
[White "Martys, Mark"]
[Black "Van Seben, Edgar"]
[Result "1/2-1/2"]
[WhiteElo "2284"]
[BlackElo "2405"]
[PlyCount "40"]
[EventDate "2010.07.25"]
[EventType "tourn (corr)"]
[EventRounds "10"]
[EventCountry "GER"]
[SourceTitle "Telechess CBM 143"]
[Source "ChessBase"]
[SourceDate "2011.07.15"]
[SourceVersion "1"]
[SourceVersionDate "2011.07.15"]
[SourceQuality "1"]

1. d4 Nf6 2. c4 e6 3. Nf3 b6 4. e3 Bb7 5. Nc3 d5 6. cxd5 exd5 7. Bb5+ c6 8. Bd3 Be7 9. 0-0 0-0 10. Ne5 c5 11. b3 Nc6 12. Bb2 cxd4 13. Nxc6 Bxc6 14. exd4 Re8 15. Re1 Qd7 16. Rc1 Bb4 17. Qd2 Rxe1+ 18. Rxe1 Re8 19. Re2 g6 20. a3 Rxe2 1/2-1/2

[Event "LSS WC-2013-S-00007"]
[Site "LSS email"]
[Date "2010.07.20"]
[Round "?"]
[White "Martys, Mark"]
[Black "Woelfelschneider, Peter"]
[Result "1/2-1/2"]
[WhiteElo "2278"]
[BlackElo "2220"]
[PlyCount "52"]
[EventDate "2010.07.25"]
[EventType "tourn (corr)"]
[EventRounds "10"]
[EventCountry "GER"]
[SourceTitle "Telechess CBM 151"]
[Source "ChessBase"]
[SourceDate "2012.11.13"]
[SourceVersion "1"]
[SourceVersionDate "2012.11.13"]
[SourceQuality "1"]

1. d4 Nf6 2. c4 e6 3. Nf3 d5 4. e3 c5 5. Nc3 Nc6 6. a3 a6 7. dxc5 Bxc5 8. b4 Be7 9. cxd5 exd5 10. Be2 0-0 11. Bb2 Be6 12. 0-0 Ne4 13. Rc1 Bf6 14. Na4 Rc8 15. Bxf6 Qxf6 16. Nc5 Nxc5 17. Rxc5 Qb2 18. Qd3 g6 19. Rb1 Qa2 20. Re1 Qb2 21. Kf1 Nb8 22. Rb1 Qa2 23. Nd4 Nd7 24. Rcc1 Nb6 25. Qb3 Qxb3 26. Nxb3 Nc4 1/2-1/2

[Event "LSS RM-2009-0-00029"]
[Site "LSS email"]
[Date "2009.04.12"]
[Round "?"]
[White "Martys, Mark"]
[Black "Narkun, Michal"]
[Result "1/2-1/2"]
[WhiteElo "2291"]
[BlackElo "2276"]
[PlyCount "110"]
[EventDate "2009.01.25"]
[EventType "tourn (corr)"]
[EventRounds "6"]
[EventCountry "GER"]
[SourceTitle "Corr 2011"]
[Source "ChessBase"]
[SourceDate "2010.08.31"]
[SourceVersion "1"]
[SourceVersionDate "2010.08.31"]
[SourceQuality "1"]

1. d4 Nf6 2. c4 c5 3. d5 e5 4. Nc3 d6 5. e4 Nbd7 6. Bd3 Be7 7. Nge2 h5 8. a3 h4 9. h3 Nh7 10. Ng1 Bg5 11. Nf3 Bxc1 12. Qxc1 a6 13. 0-0 Nhf8 14. b4 Ng6 15. Qe3 0-0 16. Na4 b6 17. Rfb1 Nf4 18. Bf1 Qf6 19. Nc3 Kh8 20. Ra2 Rg8 21. bxc5 bxc5 22. g3 g5 23. Nh2 Qg6 24. Kh1 hxg3 25. fxg3 Nh5 26. Ng4 Kg7 27. Rab2 Rh8 28. Kg1 Ndf6 29. Nxf6 Nxf6 30. g4 Rh4 31. Rg2 Qh6 32. Rg3 Bxg4 33. hxg4 Nxg4 34. Qf3 Rh8 35. Bg2 Nf6 36. Qf5 Rh1+ 37. Kf2 Rh5 38. Ke1 g4 39. Qf1 Rh2 40. Ne2 Qh4 41. Rb7 Rf8 42. Kd1 Nh5 43. Rc3 Kg6 44. Rb2 Rh8 45. Kc1 Rh6 46. Rcb3 Kg7 47. Nc3 Rf6 48. Qg1 Nf4 49. Nd1 Kh7 50. Rd2 g3 51. Ne3 a5 52. a4 Nxg2 53. Nxg2 Qxe4 54. Rxg3 Qxc4+ 55. Kb2 Qb4+ 1/2-1/2

[Event "LSS RM-2009-0-00029"]
[Site "LSS email"]
[Date "2009.04.12"]
[Round "?"]
[White "Martys, Mark"]
[Black "Rudolf, Michal"]
[Result "1-0"]
[WhiteElo "2281"]
[BlackElo "2299"]
[PlyCount "51"]
[EventDate "2009.01.25"]
[EventType "tourn (corr)"]
[EventRounds "6"]
[EventCountry "GER"]
[SourceTitle "Corr 2011"]
[Source "ChessBase"]
[SourceDate "2010.08.31"]
[SourceVersion "1"]
[SourceVersionDate "2010.08.31"]
[SourceQuality "1"]

1. d4 Nf6 2. c4 g6 3. Nc3 Bg7 4. e4 d6 5. Nf3 0-0 6. Be2 Nbd7 7. 0-0 e5 8. Qc2 Nh5 9. Bg5 f6 10. Be3 Nf4 11. Bxf4 exf4 12. h3 Re8 13. Rad1 c6 14. Rfe1 Qe7 15. b4 a5 16. b5 Nf8 17. c5 dxc5 18. Bc4+ Kh8 19. d5 Qc7 20. bxc6 bxc6 21. dxc6 Ba6 22. Nb5 Bxb5 23. Bxb5 Qa7 24. Rd5 Ne6 25. Rd7 Qb6 26. Rb7 1-0

[Event "LSS RM-2009-0-00029"]
[Site "LSS email"]
[Date "2009.04.12"]
[Round "?"]
[White "Sassler, Alan"]
[Black "Martys, Mark"]
[Result "1-0"]
[WhiteElo "2273"]
[BlackElo "2291"]
[PlyCount "59"]
[EventDate "2009.01.25"]
[EventType "tourn (corr)"]
[EventRounds "6"]
[EventCountry "GER"]
[SourceTitle "Corr 2011"]
[Source "ChessBase"]
[SourceDate "2010.08.31"]
[SourceVersion "1"]
[SourceVersionDate "2010.08.31"]
[SourceQuality "1"]

1. b3 e5 2. Bb2 Nc6 3. Nf3 e4 4. Nd4 Nf6 5. e3 Nxd4 6. Bxd4 Be7 7. c4 c5 8. Bb2 d5 9. cxd5 Qxd5 10. Nc3 Qg5 11. h4 Qf5 12. d3 0-0 13. Qc2 exd3 14. Bxd3 Qg4 15. f3 Qg3+ 16. Kf1 Bd7 17. Ne2 Qc7 18. Kf2 Rfe8 19. g4 Kh8 20. g5 Nh5 21. Rag1 Bd6 22. g6 Bc6 23. Rg5 Qe7 24. gxf7 Qxf7 25. Rf5 Nf6 26. Rg1 Qe7 27. Rxg7 Kxg7 28. Bxf6+ Qxf6 29. Rxf6 Kxf6 30. Ng3 1-0

[Event "LSS RM-2008-0-00017"]
[Site "LSS email"]
[Date "2008.09.10"]
[Round "?"]
[White "Janosi, Ervin"]
[Black "Martys, Mark"]
[Result "0-1"]
[WhiteElo "2253"]
[BlackElo "2238"]
[PlyCount "62"]
[EventDate "2008.08.31"]
[EventType "tourn (corr)"]
[EventRounds "6"]
[EventCountry "GER"]
[SourceTitle "Corr 2013"]
[Source "ChessBase"]
[SourceDate "2012.11.12"]
[SourceVersion "1"]
[SourceVersionDate "2012.11.12"]
[SourceQuality "1"]

1. e4 e6 2. d4 d5 3. Nc3 Bb4 4. e5 c5 5. a3 Bxc3+ 6. bxc3 Ne7 7. Qg4 0-0 8. Bd3 Qa5 9. Bd2 f5 10. exf6 Rxf6 11. Qh5 Nf5 12. Nf3 c4 13. Be2 Nc6 14. Ne5 Nxe5 15. dxe5 Rf7 16. 0-0 Bd7 17. Qg5 Raf8 18. Bh5 Re7 19. a4 h6 20. Qg4 g6 21. Bxh6 Rg7 22. Bxg7 gxh5 23. Qxh5 Nxg7 24. Qh3 Bc6 25. Rfe1 Rf7 26. Qg3 Kf8 27. Qh3 Nf5 28. g4 Ne7 29. Red1 Kg8 30. Qg3 Rg7 31. Rab1 Nf5 0-1

[Event "LSS RM-2008-0-00017"]
[Site "LSS email"]
[Date "2008.09.10"]
[Round "?"]
[White "Martys, Mark"]
[Black "Zielinski, Sergej"]
[Result "1/2-1/2"]
[WhiteElo "2238"]
[BlackElo "2228"]
[PlyCount "43"]
[EventDate "2008.08.31"]
[EventType "tourn (corr)"]
[EventRounds "6"]
[EventCountry "GER"]
[SourceTitle "Corr 2013"]
[Source "ChessBase"]
[SourceDate "2012.11.12"]
[SourceVersion "1"]
[SourceVersionDate "2012.11.12"]
[SourceQuality "1"]

1. d4 d5 2. c4 e6 3. Nf3 Nf6 4. Bg5 Be7 5. e3 0-0 6. Nc3 Nbd7 7. Rc1 c6 8. Bd3 dxc4 9. Bxc4 Nd5 10. Bxe7 Qxe7 11. 0-0 Nxc3 12. Rxc3 e5 13. e4 exd4 14. Qxd4 Nb6 15. Bb3 Be6 16. Bxe6 Qxe6 17. a4 Rad8 18. Qb4 Qd6 19. Qb3 Qc7 20. a5 Nd7 21. Rfc1 a6 22. Qb4 1/2-1/2

[Event "LSS RM-2008-0-00014"]
[Site "LSS email"]
[Date "2008.08.10"]
[Round "?"]
[White "Grego, Luis Jose Gonzaga"]
[Black "Martys, Mark"]
[Result "0-1"]
[WhiteElo "2042"]
[BlackElo "2239"]
[PlyCount "49"]
[EventDate "2008.08.06"]
[EventType "tourn (corr)"]
[EventRounds "6"]
[EventCountry "GER"]
[SourceTitle "Corr 2013"]
[Source "ChessBase"]
[SourceDate "2012.11.12"]
[SourceVersion "1"]
[SourceVersionDate "2012.11.12"]
[SourceQuality "1"]

1. e4 e6 2. d4 d5 3. exd5 exd5 4. Nf3 Nc6 5. Bb5 Nge7 6. 0-0 a6 7. Bxc6+ Nxc6 8. Bg5 f6 9. Bf4 Be7 10. Nbd2 g5 11. Be3 Bf5 12. Nb3 a5 13. c3 b6 14. h4 h6 15. Nh2 Bg6 16. h5 Bf7 17. Re1 Qd7 18. Nf1 f5 19. f4 0-0-0 20. Ng3 Rhg8 21. Qd3 Be6 22. Rf1 Rde8 23. Rae1 Nd8 24. Nc1 Bd6 25. Nce2 0-1

[Event "LSS RM-2008-0-00014"]
[Site "LSS email"]
[Date "2008.08.10"]
[Round "?"]
[White "Martys, Mark"]
[Black "Zakharov, Oleg Yu"]
[Result "1-0"]
[WhiteElo "2239"]
[BlackElo "2208"]
[PlyCount "65"]
[EventDate "2008.08.06"]
[EventType "tourn (corr)"]
[EventRounds "6"]
[EventCountry "GER"]
[SourceTitle "Corr 2022"]
[Source "ChessBase"]
[SourceDate "2021.10.24"]
[SourceVersion "1"]
[SourceVersionDate "2021.10.24"]
[SourceQuality "1"]

1. d4 Nf6 2. c4 e6 3. a3 d5 4. Nc3 c5 5. e3 Nc6 6. Nf3 a6 7. dxc5 Bxc5 8. b4 Ba7 9. Bb2 0-0 10. h3 h6 11. Rc1 d4 12. exd4 Bxd4 13. Bd3 e5 14. Nxd4 Nxd4 15. 0-0 Re8 16. Ne2 Nc6 17. Ng3 Be6 18. f4 exf4 19. Rxf4 Nd7 20. Bb1 Qg5 21. Qf3 Nde5 22. Qf2 Ng6 23. Bxg6 Qxg6 24. Rc3 Qb1+ 25. Kh2 Rad8 26. Re3 Rd3 27. Rxd3 Qxd3 28. Nh5 Rd8 29. Bxg7 Qg6 30. Rh4 Qf5 31. Qe2 Qg6 32. Bf6 Rc8 33. Qe3 1-0

[Event "LSS RM-2008-0-00013"]
[Site "LSS email"]
[Date "2008.07.29"]
[Round "?"]
[White "Jovanovic, Bratislav"]
[Black "Martys, Mark"]
[Result "0-1"]
[WhiteElo "2235"]
[BlackElo "2237"]
[PlyCount "106"]
[EventDate "2008.07.13"]
[EventType "tourn (corr)"]
[EventRounds "6"]
[EventCountry "GER"]
[SourceTitle "Corr 2013"]
[Source "ChessBase"]
[SourceDate "2012.11.12"]
[SourceVersion "1"]
[SourceVersionDate "2012.11.12"]
[SourceQuality "1"]

1. e4 c6 2. d4 d6 3. c4 g6 4. Nc3 Bg7 5. Be3 Nf6 6. f3 Nbd7 7. Qd2 a6 8. Bd3 0-0 9. Nge2 e5 10. d5 cxd5 11. cxd5 Nc5 12. Bc2 a5 13. 0-0 Bd7 14. Rac1 a4 15. Nb1 b5 16. g4 h5 17. g5 Nh7 18. Kh1 Qe7 19. Rf2 Rab8 20. a3 Rfc8 21. Nbc3 Qd8 22. Na2 Nb7 23. Rg1 Na5 24. Nec3 Nc4 25. Qc1 Bf8 26. Bd3 Nxe3 27. Qxe3 Be7 28. f4 Qe8 29. Qf3 Bd8 30. Rgf1 exf4 31. Qxf4 Bh3 32. Ra1 Nxg5 33. Nb4 Bg4 34. Raf1 Rb7 35. Bxb5 Qf8 36. Ba6 Nh3 37. Qg3 Nxf2+ 38. Qxf2 Bb6 39. Qg3 Rxc3 40. bxc3 Rc7 41. Nc6 Qe8 42. Qg2 Bc5 43. h3 Bc8 44. Bb5 Bxa3 45. Ra1 Rb7 46. c4 Bc5 47. Rxa4 Bd7 48. Ra6 Rc7 49. Ra2 Bxc6 50. dxc6 Kg7 51. Qb2+ Kh7 52. Qg2 Qe5 53. Ra8 Qd4 0-1

[Event "LSS RM-2008-0-00013"]
[Site "LSS email"]
[Date "2008.07.29"]
[Round "?"]
[White "Pascual Perez, Norge"]
[Black "Martys, Mark"]
[Result "1/2-1/2"]
[WhiteElo "2260"]
[BlackElo "2290"]
[PlyCount "67"]
[EventDate "2008.07.13"]
[EventType "tourn (corr)"]
[EventRounds "6"]
[EventCountry "GER"]
[SourceTitle "Corr 2013"]
[Source "ChessBase"]
[SourceDate "2012.11.12"]
[SourceVersion "1"]
[SourceVersionDate "2012.11.12"]
[SourceQuality "1"]

1. e4 g6 2. d4 Bg7 3. Nf3 c6 4. Nc3 d6 5. Be3 Nd7 6. Qd2 b5 7. Bd3 Ngf6 8. Bh6 0-0 9. Bxg7 Kxg7 10. a4 b4 11. Ne2 a5 12. Ng3 e5 13. Qg5 exd4 14. Nf5+ Kg8 15. Nxd6 Qc7 16. Nxc8 Raxc8 17. 0-0 c5 18. Rfe1 Rce8 19. e5 Nd5 20. Bb5 Kg7 21. Qg3 Re7 22. Re2 h6 23. Rae1 Rd8 24. Re4 Re6 25. Nd2 N7b6 26. Nb3 Ra8 27. R4e2 Ne7 28. h4 Nf5 29. Qf4 h5 30. Nd2 Rd8 31. Nf3 Nd5 32. Qg5 Nh6 33. Bd3 Nb6 34. Nd2 1/2-1/2

[Event "LSS SM-2008-0-00024"]
[Site "LSS email"]
[Date "2008.07.19"]
[Round "?"]
[White "Grego, Luis Jose Gonzaga"]
[Black "Martys, Mark"]
[Result "0-1"]
[WhiteElo "2008"]
[BlackElo "2239"]
[PlyCount "56"]
[EventDate "2008.07.13"]
[EventType "tourn (corr)"]
[EventRounds "6"]
[EventCountry "GER"]
[SourceTitle "Corr 2013"]
[Source "ChessBase"]
[SourceDate "2012.11.12"]
[SourceVersion "1"]
[SourceVersionDate "2012.11.12"]
[SourceQuality "1"]
[WhiteTeam "US of America"]
[BlackTeam "US of America"]
[WhiteTeamCountry "USA"]
[BlackTeamCountry "USA"]

1. e4 g6 2. d4 Bg7 3. Nc3 d6 4. f4 Nf6 5. Nf3 0-0 6. Be3 Ng4 7. Bg1 c5 8. h3 Nf6 9. dxc5 Nh5 10. Bh2 Bxc3+ 11. bxc3 Qa5 12. cxd6 Qxc3+ 13. Kf2 Nf6 14. Bd3 Qc5+ 15. Kf1 exd6 16. Bg1 Qc7 17. g4 Re8 18. Nd2 b6 19. Bd4 Nfd7 20. Kg2 Nc5 21. Qf3 Bb7 22. Rab1 Qe7 23. Rhe1 Nbd7 24. g5 Rac8 25. Kh2 Nxd3 26. cxd3 Nc5 27. Bf6 Qd7 28. Nb3 d5 0-1

[Event "LSS SM-2008-0-00024"]
[Site "LSS email"]
[Date "2008.07.19"]
[Round "?"]
[White "Pascual Perez, Norge"]
[Black "Martys, Mark"]
[Result "1/2-1/2"]
[WhiteElo "2222"]
[BlackElo "2239"]
[PlyCount "39"]
[EventDate "2008.07.13"]
[EventType "tourn (corr)"]
[EventRounds "6"]
[EventCountry "GER"]
[SourceTitle "Corr 2011"]
[Source "ChessBase"]
[SourceDate "2010.08.31"]
[SourceVersion "1"]
[SourceVersionDate "2010.08.31"]
[SourceQuality "1"]

1. Nf3 g6 2. d4 Bg7 3. e4 d6 4. c4 Bg4 5. Be2 Nc6 6. Be3 e5 7. d5 Bxf3 8. Bxf3 Nd4 9. Bxd4 exd4 10. Nd2 Ne7 11. b4 0-0 12. 0-0 a5 13. a3 c6 14. Nb3 axb4 15. axb4 Qb6 16. Qd2 c5 17. b5 Rfb8 18. Bg4 Qc7 19. Qf4 Qd8 20. Qg3 1/2-1/2

[Event "LSS SM-2008-0-00024"]
[Site "LSS email"]
[Date "2008.07.19"]
[Round "?"]
[White "Skeels, Jim"]
[Black "Martys, Mark"]
[Result "1/2-1/2"]
[WhiteElo "2292"]
[BlackElo "2239"]
[PlyCount "70"]
[EventDate "2008.07.13"]
[EventType "tourn (corr)"]
[EventRounds "6"]
[EventCountry "GER"]
[SourceTitle "Corr 2013"]
[Source "ChessBase"]
[SourceDate "2012.11.12"]
[SourceVersion "1"]
[SourceVersionDate "2012.11.12"]
[SourceQuality "1"]
[WhiteTeam "US of America"]
[BlackTeam "US of America"]
[WhiteTeamCountry "USA"]
[BlackTeamCountry "USA"]

1. Nf3 g6 2. c4 Bg7 3. d4 d6 4. Nc3 Nf6 5. e4 0-0 6. Be2 Nbd7 7. Be3 Ng4 8. Bg5 h6 9. Bh4 c5 10. d5 Qb6 11. Qc2 Ngf6 12. 0-0 g5 13. Bg3 Nh5 14. a4 Nxg3 15. hxg3 Ne5 16. Nxe5 Bxe5 17. a5 Qc7 18. f4 Bd4+ 19. Kh2 Qd8 20. Nb5 Bh8 21. Qd2 Bf6 22. Bh5 Bd7 23. Nc3 a6 24. e5 dxe5 25. Ne4 exf4 26. gxf4 e6 27. Ra3 exd5 28. Nxf6+ Qxf6 29. Rg3 Qd4 30. Qxd4 cxd4 31. cxd5 Kg7 32. Rd1 Rab8 33. Rxd4 b6 34. b4 bxa5 35. bxa5 Rb2 1/2-1/2

[Event "LSS RM-2008-0-00008"]
[Site "LSS email"]
[Date "2008.05.31"]
[Round "?"]
[White "Martys, Mark"]
[Black "Belanoff, Stuart B"]
[Result "1/2-1/2"]
[WhiteElo "2220"]
[BlackElo "2259"]
[PlyCount "36"]
[EventDate "2008.04.03"]
[EventType "tourn (corr)"]
[EventRounds "6"]
[EventCountry "GER"]
[SourceTitle "Corr 2011"]
[Source "ChessBase"]
[SourceDate "2010.08.31"]
[SourceVersion "1"]
[SourceVersionDate "2010.08.31"]
[SourceQuality "1"]

1. d4 d5 2. Nf3 Nf6 3. g3 c6 4. Bg2 Bg4 5. 0-0 Nbd7 6. Nbd2 e6 7. Re1 Be7 8. c3 0-0 9. e4 dxe4 10. Nxe4 Nxe4 11. Rxe4 Bf5 12. Re1 a5 13. a4 h6 14. Be3 Nf6 15. Qb3 Qc8 16. Rad1 Nd5 17. Ne5 Rd8 18. Bd2 Qc7 1/2-1/2

[Event "LSS SM-2008-0-00013"]
[Site "LSS email"]
[Date "2008.05.03"]
[Round "?"]
[White "Kireev, Sergey Ivanovich"]
[Black "Martys, Mark"]
[Result "1/2-1/2"]
[WhiteElo "2184"]
[BlackElo "2222"]
[PlyCount "59"]
[EventDate "2008.04.21"]
[EventType "tourn (corr)"]
[EventRounds "6"]
[EventCountry "GER"]
[SourceTitle "Corr 2011"]
[Source "ChessBase"]
[SourceDate "2010.08.31"]
[SourceVersion "1"]
[SourceVersionDate "2010.08.31"]
[SourceQuality "1"]

1. e4 g6 2. d4 Bg7 3. Nc3 d6 4. Be3 c6 5. Qd2 b5 6. Bd3 Nd7 7. Nf3 Ngf6 8. 0-0 Qc7 9. b4 a5 10. Rab1 0-0 11. d5 axb4 12. Rxb4 Qa5 13. Rfb1 Nxd5 14. Nxd5 cxd5 15. exd5 Ba6 16. Bd4 Nf6 17. c3 Rfc8 18. h3 Qc7 19. R1b3 Bb7 20. c4 bxc4 21. Rxb7 Qd8 22. Bxc4 Rxc4 23. Qb2 Bf8 24. Nd2 Rcc8 25. R3b5 Nd7 26. Qb3 Rc1+ 27. Kh2 Nc5 28. Bxc5 Rxc5 29. Rxc5 dxc5 30. Ne4 1/2-1/2

[Event "LSS CP-2005-S-00006"]
[Site "LSS email"]
[Date "2008.04.12"]
[Round "?"]
[White "Dutra Neto, Alfredo Carlos S"]
[Black "Martys, Mark"]
[Result "1/2-1/2"]
[WhiteElo "2297"]
[BlackElo "2213"]
[PlyCount "114"]
[EventDate "2008.04.12"]
[EventType "tourn (corr)"]
[EventRounds "6"]
[EventCountry "GER"]
[SourceTitle "Corr 2013"]
[Source "ChessBase"]
[SourceDate "2012.11.12"]
[SourceVersion "1"]
[SourceVersionDate "2012.11.12"]
[SourceQuality "1"]
[WhiteTeam "US of America"]
[BlackTeam "US of America"]
[WhiteTeamCountry "USA"]
[BlackTeamCountry "USA"]

1. d4 d5 2. c4 c6 3. Nf3 Nf6 4. Nc3 dxc4 5. a4 Bf5 6. e3 e6 7. Bxc4 Bb4 8. 0-0 Nbd7 9. Nh4 Bg4 10. f3 Bh5 11. g4 g5 12. Nf5 Bg6 13. e4 h6 14. a5 exf5 15. exf5 Bh7 16. Qb3 Bd6 17. Bxf7+ Kf8 18. h4 Kg7 19. Be6 Qc7 20. hxg5 Bh2+ 21. Kf2 hxg5 22. Bxg5 Rae8 23. Ke1 Bg8 24. Kd1 Bf4 25. Bxg8 Nxg8 26. Bxf4 Qxf4 27. Kc2 Rh2+ 28. Kb1 Ngf6 29. Ra4 Nxg4 30. Rg1 Qxf3 31. Qxb7 Qxf5+ 32. Ka1 Kh6 33. d5 Ngf6 34. Qxa7 Qc2 35. Rb1 cxd5 36. Rb4 Rg2 37. Rg1 Kh5 38. Rxg2 Qxg2 39. Qd4 Kg6 40. Ka2 Re6 41. Qd1 Kf7 42. Rb5 Rd6 43. Qd4 Qf1 44. Qb4 Ke6 45. Rb7 Ra6 46. Nb5 Kf5 47. Ra7 Rxa7 48. Nxa7 Ne5 49. Nb5 Kg6 50. a6 Nd3 51. Qa4 Qe2 52. Qa3 Qc2 53. Nd6 Nd7 54. a7 Nb6 55. Nc8 Nc4 56. Qxd3+ Qxd3 57. a8Q Ne3 1/2-1/2